| 000 | 00909nam a2200325 a 4500 | ||
|---|---|---|---|
| 003 | AR-BaBNM | ||
| 005 | 20251128210252.0 | ||
| 008 | 082120s2002 ||||||||||||||000 | spa|| | ||
| 020 | _a84-8316-013-7 | ||
| 040 | _cAR-BaBNM | ||
| 100 | 1 | _aLópez Caballero, Alfonso | |
| 245 | 0 | 0 |
_aCómo dirigir grupos con eficacia _b26 estrategias básicas |
| 250 | _a2ª ed. | ||
| 260 |
_aMadrid _bCCS _c1997 |
||
| 300 |
_a230 p. _bil. |
||
| 490 | 0 |
_aEscuela de animación _vv. 1 |
|
| 500 | _aContiene índice temático p. 229-230 | ||
| 650 | 4 | _aTRABAJO EN EQUIPO | |
| 650 | 4 | _aDINAMICA DE GRUPO | |
| 650 | 4 | _aCONDUCTA DEL GRUPO | |
| 650 | 4 | _aLIDERAZGO | |
| 650 | 4 | _aCOMUNICACION | |
| 650 | 4 | _aEDUCACION Y EMPLEO | |
| 650 | 4 | _aENSEÑANZA EN GRUPO | |
| 650 | 4 | _aANIMADORES DE EQUIPOS PEDAGOGICOS | |
| 650 | 4 | _aMETODOS DE ANIMACION | |
| 653 | _aCAPACITACION LABORAL | ||
| 942 | _cBK | ||
| 998 | _cRaquel | ||
| 999 |
_c14712 _d14712 |
||